Pas à nous, mais notre problème?: évolution récente de la détention des étrangers dans les prisons européennes

Saved in:  
Bibliographic Details
Main Author: Delgrande, Natalia (Author)
Format: Print Article
Language:French
Published: 2015
In: Verletzlichkeit und Risiko im Justizvollzug
Year: 2015, Pages: 53-72
Check availability: HBZ Gateway
Keywords:

MARC

LEADER 00000caa a2200000 c 4500
001 1526594617
003 DE-627
005 20180730160506.0
007 tu
008 160301s2015 xx ||||| 00| ||fre c
020 |a 9783727272141 
035 |a (DE-627)1526594617 
035 |a (DE-576)456594612 
035 |a (DE-599)BSZ456594612 
040 |a DE-627  |b ger  |c DE-627  |e rda 
041 |a fre 
100 1 |a Delgrande, Natalia  |e VerfasserIn  |4 aut 
245 1 0 |a Pas à nous, mais notre problème?  |b évolution récente de la détention des étrangers dans les prisons européennes  |c Natalia Delgrande, Chargée de cours et responsable de recherche à l'École des Sciences Criminelles, Université de Lausanne, Expert scientifique pour le projet SPACE (Statistiques Pénales Annuelles du Conseil de l'Europe) 
264 1 |c 2015 
336 |a Text  |b txt  |2 rdacontent 
337 |a ohne Hilfsmittel zu benutzen  |b n  |2 rdamedia 
338 |a Band  |b nc  |2 rdacarrier 
773 0 8 |i Enthalten in  |a Freiburger Strafvollzugstage (9. : 2014 : Freiburg im Üechtland)  |t Verletzlichkeit und Risiko im Justizvollzug  |d Bern : Stämpfli Verlag, 2015  |g (2015), Seite 53-72  |h XV, 240 Seiten  |w (DE-627)844145408  |w (DE-576)453912982  |z 3727272147  |z 9783727272141  |7 nnam 
773 1 8 |g year:2015  |g pages:53-72 
951 |a AR 
ELC |b 1 
LOK |0 000 xxxxxcx a22 zn 4500 
LOK |0 001 2901348548 
LOK |0 003 DE-627 
LOK |0 004 1526594617 
LOK |0 005 20260212110522 
LOK |0 008 160301||||||||||||||||ger||||||| 
LOK |0 040   |a DE-21-110  |c DE-627  |d DE-21-110 
LOK |0 689   |a s  |a Strafvollzug 
LOK |0 689   |a s  |a Vulnerabilität 
LOK |0 689   |a s  |a Ausländer 
LOK |0 689   |a g  |a Schweiz 
LOK |0 852   |a DE-21-110 
LOK |0 852 1  |m p  |9 00 
LOK |0 938   |k p 
LOK |0 939   |a 01-03-16  |b l01 
ORI |a WA-MARC-krimdoka001.raw